LEADER 01240nam a2200277 u 4500 001 000000027534 003 CaOOAMICUS 005 20070226111711.0 008 951031s1958 gw u000 u ger u 035 $a10715110 040 $aPUL(R)$bita 100 1 $aStrecker, Georg,$d1929-1994.$0(OLS)http://pul/name/4355 245 14$aDas Judenchristentum in den Pseudoklementinen /$cvon Georg Strecker. 260 $aBerlin :$bAkademie-Verlag,$c1958. 300 $ax, 296 p. ;$c25 cm 490 1 $aTexte und Untersuchungen zur Geschichte der altchristlichen Literatur ;$v70 500 $aContiene indici. 504 $aBibliografia in nota. 600 04$aClemens PP.$bI,$cRomanus, s.,$dm. c. 99.$0(OLS)http://pul/subject/7388 830 0$aTexte und Untersuchungen zur Geschichte der altchristlichen Literatur ;$v70.$0(OLS)http://pul/title/1074 850 $aPUL 852 $aPUL$W1$xSL Religione 1$y3$m24 I 70$j38329$nBK-PRI$b $qStampati$B38329$CPULBib$Z2$F38329 $H $81 941 1 $a8 960 $aClemente$bI,$cpapa, s.,$dm. c. 99$97388 996 $6245$aDas Judenchristentum in den Pseudoklementinen$9(OLS)http://pul/title/37664 996 $6260$aBerlin :$bAkademie-Verlag$9(OLS)http://pul/publisher/47843 LEADER 01410nam a2200325 a 4500 001 000000123626 003 CaOOAMICUS 005 20101103093319.0 008 101103m20099999gw u000 u ger r 020 $a978-3-86838-029-3 (v. 1) 040 $aPUL$bita 082 04$a142 245 00$aAnthologie der realistischen Phänomenologie /$cJosef Seifert, Cheikh Mbacké Gueye (Hrsg.) 260 $aHeusenstamm :$bOntos,$c2009- 300 $av. <1> ;$c22 cm. 490 1 $aRealist phenomenology ;$vBd. 2 504 $aInclude riferimenti bibliografici. 650 4$aFenomenologia$xCritica e interpretazione.$0(OLS)http://pul/subject/17511 650 4$aRealismo (Filosofia).$0(OLS)http://pul/subject/37306 700 1 $aSeifert, Josef,$d1945-$0(OLS)http://pul/name/1243 700 1 $aGueye, Cheikh Mbacké.$0(OLS)http://pul/name/77905 830 0$aRealist phenomenology ;$vBd. 2.$0(OLS)http://pul/title/155816 850 $aPUL 852 $aPUL$W1$xSL Filosofia 3$y81$m142 SEIJO 1$j142324$av. 1$qDDC 21$B141298$CPULBib$Z2$F141298 $H115002 $82 941 1 $a9 996 $6020$a978-3-86838-029-3 (v. 1)$9(OLS)http://pul/number/145814 996 $6082$a142$9(OLS)http://pul/classification/555 996 $6245$aAnthologie der realistischen Phänomenologie$9(OLS)http://pul/title/155815 996 $6260$aHeusenstamm :$bOntos$9(OLS)http://pul/publisher/81459